Statystyki dla mammals of the felid family

Kliknij tutaj aby rozwiązać quiz!

Ogólne statystyki

  • Ten quiz został rozwiązany 2 razy
  • Średni wynik to 6 z 9

Statystyki odpowiedzi

Odpowiedź% Poprawnych
cat
100%
lion
100%
tiger
100%
cheetah
50%
jaguar
50%
leopard
50%
ocelot
50%
serval
50%
lynx
0%

Rozkład punktacji

Percentyl według liczby udzielonych odpowiedzi

Procent ludzi z każdym wynikiem

Twoja historia wyników

Nie rozwiązałeś tego quizu